|
|
|
|
| LEADER |
01312nam a22002417a 4500 |
| 001 |
3658 |
| 003 |
BD-DhAAL |
| 005 |
20240820150619.0 |
| 008 |
151201s1988 bg ||||| |||| 00| 0 ben d |
| 040 |
|
|
|a BD-DhAAL
|c BD-DhAAL
|
| 082 |
|
|
|2 22
|a 362.82
|
| 245 |
|
|
|a পরিবার কল্যান সহকারীদের সতেজক প্রশিক্ষণ কর্মসূচী
|
| 264 |
|
|
|a ঢাকা :
|b শিশু ও মাতৃস্বাস্থ্য কর্মসূচী, ব্র্যাক,
|c ১৯৮৮.
|
| 300 |
|
|
|a বিবিধ পৃষ্ঠা :
|c ২৮ সে.মি.
|
| 541 |
|
|
|e 3658
|
| 610 |
|
|
|a BRAC
|
| 650 |
|
|
|a Family planning
|x Study and teaching.
|9 16603
|
| 710 |
|
|
|a ব্র্যাক.
|b শিশু ও মাতৃস্বাস্থ্য কর্মসূচী.
|9 16604
|
| 852 |
|
|
|a Ayesha Abed Library
|c BRAC Resource Section
|
| 942 |
|
|
|2 ddc
|c BK
|
| 999 |
|
|
|c 36343
|d 36343
|
| 952 |
|
|
|0 0
|1 0
|2 ddc
|4 0
|6 362_820000000000000_POR
|7 1
|9 57151
|a BRACUL
|b BRACUL
|c BRS
|d 2015-12-01
|e BRAC
|g 0.00
|l 0
|o 362.82 POR
|p 3010003948
|r 2015-12-01
|t 1
|w 2015-12-01
|y BK
|z Not price in Register
|
| 952 |
|
|
|0 0
|1 0
|2 ddc
|4 0
|6 362_820000000000000_POR
|7 1
|9 57152
|a BRACUL
|b BRACUL
|c BRS
|d 2015-12-01
|e BRAC
|g 0.00
|l 0
|o 362.82 POR
|p 3010003658
|r 2015-12-01
|t 2
|w 2015-12-01
|y BK
|z Not price in Register
|